Zákon o starobnom dôchodkovom sporení
Úplné znenie zákona č. 43/2004 Z.z. o starobnom dôchodkovom sporení a o zmene a doplnení ďalších zákonov aj s komentárom. Predmet a pôsobnosť zákona. Vysvetlenie základných pojmov. Osobný rozsah starobného dôchodkového sporenia. Príspevky na starobné dôchodkové sporenie. Podmienky vyplácania starobn...
Gespeichert in:
| 1. Verfasser: | |
|---|---|
| Format: | Buchkapitel |
| Sprache: | Slowakisch |
| Schlagworte: | |
| Tags: |
Keine Tags, Fügen Sie das erste Tag hinzu!
|
MARC
| LEADER | 00000naa$a2200000$$$4500 | ||
|---|---|---|---|
| 001 | 0100671 | ||
| 005 | 20231109100117.9 | ||
| 041 | 0 | |a slo | |
| 044 | |a SK | ||
| 245 | 1 | 0 | |a Zákon o starobnom dôchodkovom sporení |c Igor Hvojník |
| 520 | |a Úplné znenie zákona č. 43/2004 Z.z. o starobnom dôchodkovom sporení a o zmene a doplnení ďalších zákonov aj s komentárom. Predmet a pôsobnosť zákona. Vysvetlenie základných pojmov. Osobný rozsah starobného dôchodkového sporenia. Príspevky na starobné dôchodkové sporenie. Podmienky vyplácania starobného dôchodku. Vek nároku na starobný dôchodok u mužov a u žien. Pozostalostné dôchodky. Podmienky činnosti dôchodkovej správcovskej spoločnosti. Investovanie majetku v dôchodkových fondoch. Osobné dôchodkové účty. Vzorce na výpočet starobného dôchodku a predčasného starobného dôchodku vyplácaných doživotne a pozostalostných dôchodkov. Praktické príklady. | ||
| 610 | 2 | 0 | |a zákony |
| 610 | 2 | 0 | |a sporenie dôchodkové starobné |
| 610 | 2 | 0 | |a dôchodky starobné |
| 610 | 2 | 0 | |a poisťovne sociálne |
| 610 | 2 | 0 | |a poistenie sociálne |
| 610 | 2 | 0 | |a vek |
| 610 | 2 | 0 | |a muži |
| 610 | 2 | 0 | |a ženy |
| 100 | 1 | |a Hvojník, Igor | |